000 00218nam a22000857a 4500
008 161104b xxu||||| |||| 00| 0 eng d
100 _91043
_aTayal b. b etal
245 _aSocial Science VII
260 _aNew Delhi
_bFrank
_c2012
999 _c3698
_d3698